00451nam a22001692 4500001001100000005001700011008004100028020001700069040001500086100003300101245005100134250001300185260002600198300001700224650003700241852000300278000002075720151217145927.0111012s xx 000 0 eng d a0853697169 : aKABUcKABU1 aWaterfield, Jon.@000018131310aCommunity pharmacy handbook /cJon Waterfield. a1st ed. aLondon :bPhP,c2008. axiv, 287 p. 0aPharmacy management.@00001813141